Elektrotechnická ročenka 1990

Salvato in:
Dettagli Bibliografici
Natura: Libro
Lingua:slovacco
Pubblicazione: Bratislava : Alfa, 1990
Tags: Aggiungi Tag
Nessun Tag, puoi essere il primo ad aggiungerne!!

MARC

LEADER 00000nam a22000003a 4500
001 stu447
005 20150408175017.7
008 910529s1990----cs------------------slo-d
040 |a STU  |b slo 
041 0 |a slo 
044 |a cs 
080 |a 621.3(058)"1990" 
245 |a Elektrotechnická ročenka 1990 
260 |a Bratislava :  |b Alfa,  |c 1990 
300 |a 531 s 
996 |b 284EK03657  |c E*69881  |l EE01  |s A  |a 24  |w stu447_0001